000 00335nam a2200121Ia 4500
008 220204s9999 xx 000 0 und d
082 _a338.43.01
_bTUC
100 _aTUCK, R H
245 0 _aIntroduction to the principles of agricultural economics
260 _aLondon
_bLongmans
_c1961
650 _aAgricultural economics
942 _cBK
999 _c20251
_d20251